| 000 | 00677nam a2200205 a 4500 | ||
|---|---|---|---|
| 005 | 20230624063746.0 | ||
| 008 | 070213s1999 mx r 000 0 spa d | ||
| 020 | _a9507015663 | ||
| 035 | _aUPN01000149331 | ||
| 049 | _aCG | ||
| 050 | 4 |
_aLB1032 _bS5.2 |
|
| 100 | 1 | _aSlavin, Robert E. | |
| 245 | 1 | 0 |
_aAprendizaje cooperativo : _bteoría, investigación y práctica / _cRobert E. Slavin ; tr. Miguel Wald. |
| 260 |
_aBuenos Aires : _bAique, _cc1999. |
||
| 300 |
_a223 p. : _btablas, figs. |
||
| 440 | 0 | _aCarrera docente | |
| 534 |
_pTraducción de: _tCooperative learning. Theory, research, and practice |
||
| 650 | 4 |
_aTrabajo en grupos (Educación) _94098 |
|
| 905 | _aLibro | ||
| 999 |
_c121472 _d121472 |
||